A belügyminiszter jóváhagyta a város megszavazott egyetemi hozzájárulást

Elmentve itt :
Bibliográfiai részletek
Dokumentumtípus: Cikk
Megjelent: 1924-11-14
Sorozat:Délmagyarország 5 No. 262
Kulcsszavak:Támogatás, városi, Egyetemtörténet Szeged 1924, Szeged
Online Access:http://dmarchiv.bibl.u-szeged.hu/30929
LEADER 00493nab a2200145 i 4500
001 delm30929
005 20180927102643.0
008 180927s1924 hu o 0|| hun d
040 |a SZTE Délmagyarország Archívum  |b hun 
041 |a hun 
245 0 2 |a A belügyminiszter jóváhagyta a város megszavazott egyetemi hozzájárulást  |h [elektronikus dokumentum] 
260 |c 1924-11-14 
300 |a 2 
490 0 |a Délmagyarország  |v 5 No. 262 
695 |a Támogatás, városi, Egyetemtörténet Szeged 1924, Szeged